000
00312nam a22001217a 4500
008
181024b xxu||||| |||| 00| 0 eng d
041
_a
eng
080
_a
159.9
100
_a
48
101
_a
PSI
245
_a
Talks to Teachers on Psychology and to Students on Some of Life's Idelas
_c
James,W
942
_2
udc
_c
BK
999
_c
50840
_d
50840